[Event "Landesklasse Ost 2024/25"]
[Site "?"]
[Date "2024.12.08"]
[Round "4.8"]
[White "Jahn, Rene"]
[Black "Kretschmann, Ralph"]
[Result "1/2-1/2"]
[WhiteElo "1179"]
[BlackElo "1233"]
[PlyCount "53"]
[EventDate "2024.09.15"]
[EventType "team-tourn"]
[EventRounds "9"]
[WhiteTeam "SV Thuringia Königsee"]
[BlackTeam "TV 1887 Germania Hermsdorf"]

{[%evp 0,53,29,29,75,40,40,38,34,42,61,41,47,20,21,-1,22,17,17,21,28,9,11,-18,3,3,4,-1,0,-6,1,3,26,18,16,3,31,16,8,12,19,8,8,8,33,27,35,35,37,33,25,24,19,33,90,87]} 1. d4 f5 2. c4 Nf6 3. Nc3 e6 4. Nf3 Be7 5. Bg5 O-O 6. e3 b6 7. Be2 Bb7 8. O-O Ne4 9. Bxe7 Qxe7 10. Qc2 d6 11. Nd2 Nxd2 12. Qxd2 Nd7 13. f4 Nf6 14. Bf3 Ne4 15. Nxe4 Bxe4 16. Bxe4 fxe4 17. d5 Rae8 18. dxe6 Qxe6 19. Qd5 Rf5 20. Qxe6+ Rxe6 21. g4 Rc5 22. Rfc1 Rg6 23. h3 h5 24. g5 Re6 25. b4 Rf5 26. Rd1 b5 27. Rd5 1/2-1/2

[Event "Landesklasse Ost 2024/25"]
[Site "?"]
[Date "2024.12.08"]
[Round "4.1"]
[White "Berner, Stephan"]
[Black "Tobal, Elias"]
[Result "0-1"]
[WhiteElo "1904"]
[BlackElo "1955"]
[PlyCount "108"]
[EventDate "2024.09.15"]
[EventType "team-tourn"]
[EventRounds "9"]
[WhiteTeam "SV Empor Erfurt 2"]
[BlackTeam "SC Turm Erfurt"]

{[%evp 0,108,28,25,47,33,71,72,72,47,47,18,27,14,22,2,-5,0,22,-34,-35,-35,8,0,17,-29,-23,-42,-16,-14,-7,0,0,-27,-22,-40,-58,-67,-71,-57,-75,-99,-93,-101,-102,-102,-102,-120,-106,-144,-137,-145,-137,-128,-134,-233,-90,-155,-145,-211,-211,-313,-180,-173,-173,-181,-99,-97,-56,-86,-40,-56,-56,-56,77,-130,-120,-131,-172,-184,-233,-224,-272,-311,-216,-701,-701,-723,-741,-765,-808,-915,-915,-1004,-911,-975,-1024,-1076,-1028,-1366,-980,-29985,-792,-1915,-2300,-29989,-29990,-29991,-29992,-29993,-29994]} 1. e4 c5 2. Nc3 d6 3. Bc4 Nf6 4. d3 Nc6 5. Nge2 e6 6. O-O Be7 7. f4 d5 8. Bb5 dxe4 9. Bxc6+ bxc6 10. dxe4 Qxd1 11. Rxd1 Ba6 12. Kf1 Rb8 13. a3 O-O 14. h3 Rfd8 15. Rxd8+ Bxd8 16. e5 Nd5 17. Ne4 Be7 18. b3 f5 19. exf6 gxf6 20. c4 Rxb3 21. cxd5 cxd5 22. Nf2 e5 23. Ke1 e4 24. f5 e3 25. Ng4 d4 26. Nf4 Kf7 27. Ne6 Bb7 28. Nh6+ Ke8 29. g4 Bd6 30. g5 fxg5 31. f6 Kd7 32. Nxg5 Ba6 33. Ne4 Bf8 34. Ng4 Ke6 35. Ng5+ Kd5 36. f7 Bd6 37. Nf6+ Kc6 38. Nfe4 Be7 39. Nf6 Rb8 40. Nfxh7 Bd3 41. a4 c4 42. Nf3 Bb4+ 43. Bd2 exd2+ 44. Kd1 Bxh7 45. Nxd4+ Kd5 46. Nc2 Ba5 47. Ne3+ Kc5 48. h4 Rf8 49. Ra2 Rxf7 50. Rb2 Bb4 51. h5 c3 52. Ra2 Kd4 53. Nc2+ Bxc2+ 54. Kxc2 Rf1 0-1

[Event "Landesklasse Ost 2024/25"]
[Site "?"]
[Date "2024.12.08"]
[Round "4.2"]
[White "McLeod, Andrew"]
[Black "Taudte, Stefan"]
[Result "1-0"]
[WhiteElo "1838"]
[BlackElo "1925"]
[PlyCount "105"]
[EventDate "2024.09.15"]
[EventType "team-tourn"]
[EventRounds "9"]
[WhiteTeam "SC Turm Erfurt"]
[BlackTeam "SV Empor Erfurt 2"]

{[%evp 0,105,28,28,36,49,37,2,18,3,9,-4,28,-27,-27,-31,-27,-27,-59,-41,-27,-69,-104,-104,-104,-87,-95,-125,-112,-112,-91,-114,-88,-107,-111,-111,-111,-123,-98,-140,-123,-130,-120,-129,-106,-115,-127,-164,-171,-181,-129,-115,-139,-151,-151,-137,-137,-137,-138,-139,-145,-145,-152,-147,-112,-152,-153,-143,-143,-143,-134,-143,-119,-172,-172,-242,-224,-226,-210,-306,-306,-305,-308,-313,-305,-317,-295,-288,-295,-271,-273,-263,-263,-265,490,514,514,516,659,659,775,780,1135,907,925,638,637,635]} 1. e4 e6 2. d4 d5 3. e5 c5 4. Nf3 Qb6 5. Bd3 Bd7 6. O-O cxd4 7. Re1 Nc6 8. Nbd2 a5 9. a3 Nge7 10. Nb3 a4 11. Nbd2 Ng6 12. b3 Qc7 13. Bxg6 hxg6 14. Bb2 Bc5 15. bxa4 d3 16. Nb3 dxc2 17. Qxc2 Bb6 18. Rac1 Rxa4 19. Nbd2 Ra8 20. Re2 Rc8 21. Qb1 Qb8 22. h3 Qa7 23. Nf1 O-O 24. Ne3 Nd4 25. Nxd4 Bxd4 26. Rxc8 Rxc8 27. Bxd4 Qxd4 28. Qb2 Qxb2 29. Rxb2 Rc1+ 30. Kh2 d4 31. Ng4 Bc6 32. Rd2 Rc4 33. f3 Ra4 34. Rd3 Bb5 35. Rd2 d3 36. Ra2 Bc4 37. Ra1 b5 38. Ne3 Bb3 39. Nf1 b4 40. Nd2 Bc2 41. Nc4 bxa3 42. Nd2 a2 43. Kg3 Kf8 44. Kf2 Ke7 45. Ke3 Kd7 46. Ne4 Bb1 47. Nc5+ Kc6 48. Nxa4 Kb5 49. Nc3+ Kc4 50. Nxb1 Kb3 51. Nd2+ Kb2 52. Rxa2+ Kxa2 53. Kxd3 1-0

[Event "Landesklasse Ost 2024/25"]
[Site "?"]
[Date "2024.12.08"]
[Round "4.3"]
[White "Dietrich, Mareike"]
[Black "Schade, Holger"]
[Result "0-1"]
[WhiteElo "1758"]
[BlackElo "1770"]
[PlyCount "84"]
[EventDate "2024.09.15"]
[EventType "team-tourn"]
[EventRounds "9"]
[WhiteTeam "SV Empor Erfurt 2"]
[BlackTeam "SC Turm Erfurt"]

{[%evp 0,84,25,28,25,17,7,14,15,7,7,6,12,2,0,2,0,5,-1,0,-1,-6,-10,-17,-7,-7,-7,-9,17,17,22,-6,19,-14,-3,-8,31,-7,-7,-7,-10,-12,15,-13,-5,-37,-10,-13,-27,-8,17,-206,-234,-234,-227,-256,-131,-125,-125,-128,-135,-134,-134,-509,-509,-706,-717,-764,-674,-649,-716,-728,-736,-29977,-29978,-29979,-29978,-29979,-1237,-2438,-834,-962,-927,-1570,-1541,-1613,-1671]} 1. e4 e5 2. Nf3 Nc6 3. Bc4 Bc5 4. d3 Nf6 5. a4 a6 6. O-O d6 7. Be3 Bxe3 8. fxe3 Be6 9. Nbd2 Qe7 10. Qe1 O-O 11. Nh4 d5 12. exd5 Nxd5 13. Nf5 Qg5 14. Ne4 Qg6 15. Neg3 Rad8 16. Qf2 Kh8 17. Rae1 Nb6 18. Nh4 Qg4 19. Bxe6 Qxe6 20. b3 Ne7 21. Ne4 Nd7 22. Qf3 f6 23. Qh5 g6 24. Qh6 Rg8 25. Rf3 Rg7 26. Rh3 Qf7 27. Nf3 Ng8 28. Qh4 g5 29. Nexg5 fxg5 30. Nxg5 Qe7 31. Ne6 Qxe6 32. Qxd8 Qxh3 33. g3 Ndf6 34. Re2 Qh5 35. Rf2 Ng4 36. Rf8 Qxh2+ 37. Kf1 Nxe3+ 38. Ke1 Qxg3+ 39. Kd2 Ng2 40. Kc3 Nf4 41. Rxg8+ Rxg8 42. Qf6+ Qg7 0-1

[Event "Landesklasse Ost 2024/25"]
[Site "?"]
[Date "2024.12.08"]
[Round "4.4"]
[White "Strohner, Maximilian"]
[Black "Pichl, Michael"]
[Result "1-0"]
[WhiteElo "1771"]
[BlackElo "1679"]
[PlyCount "77"]
[EventDate "2024.09.15"]
[EventType "team-tourn"]
[EventRounds "9"]
[WhiteTeam "SC Turm Erfurt"]
[BlackTeam "SV Empor Erfurt 2"]

{[%evp 0,77,25,25,41,41,29,37,33,37,57,58,58,29,51,61,60,19,21,33,49,-53,-70,-70,-34,-21,-43,-17,20,29,29,46,67,53,109,101,118,109,182,154,210,199,189,152,211,197,223,181,220,157,152,-65,-50,-54,32,11,96,96,166,166,244,240,574,424,476,224,224,226,279,281,281,283,297,295,327,327,314,324,409,402]} 1. e4 c5 2. b3 Nf6 3. e5 Nd5 4. Nf3 g6 5. d4 cxd4 6. Qxd4 e6 7. Bg5 Be7 8. Bh6 Nc6 9. Qb2 d6 10. Bg7 Rg8 11. exd6 Qxd6 12. Nbd2 b6 13. Bb5 Bb7 14. Be5 Qd7 15. O-O O-O-O 16. Ne4 f6 17. Nxf6 Bxf6 18. Bxf6 Rdf8 19. Be5 Rxf3 20. gxf3 Qf7 21. Be2 Qf5 22. Bg3 g5 23. Rfd1 Nf4 24. Bf1 Ne5 25. Qc3+ Kb8 26. Rd3 Nexd3 27. Qxd3 Qe5 28. Qxh7 Rh8 29. Re1 Qf6 30. Rxe6 Qa1 31. Qd7 Qc3 32. Qd6+ Ka8 33. Qe5 Qc8 34. Bxf4 gxf4 35. Bd3 Rg8+ 36. Rg6 Re8 37. Qxf4 Rf8 38. Qg4 Qe8 39. Be4 1-0

[Event "Landesklasse Ost 2024/25"]
[Site "?"]
[Date "2024.12.08"]
[Round "4.5"]
[White "Bethge, Johanna"]
[Black "Stöcklein, Paul"]
[Result "0-1"]
[WhiteElo "1791"]
[BlackElo "1634"]
[PlyCount "44"]
[EventDate "2024.09.15"]
[EventType "team-tourn"]
[EventRounds "9"]
[WhiteTeam "SV Empor Erfurt 2"]
[BlackTeam "SC Turm Erfurt"]

{[%evp 0,44,28,28,25,28,25,3,-4,-4,-10,-18,-18,-114,-103,-157,-35,-138,-67,-59,-68,-69,-67,-53,-63,-61,-58,-51,-47,-54,-51,-64,-64,-103,-68,-102,-102,-115,-69,-127,-125,-115,-106,-144,-144,-29977,-29980]} 1. e4 e5 2. Nf3 Nc6 3. d4 exd4 4. Nxd4 Nf6 5. Nc3 Bb4 6. Nf5 O-O 7. Bg5 Re8 8. Be2 d6 9. Ng3 h6 10. Bd2 Bxc3 11. Bxc3 Nxe4 12. Nxe4 Rxe4 13. O-O Bd7 14. f4 Qh4 15. g3 Qh3 16. Rf2 Rae8 17. Bf3 Re3 18. a4 Bf5 19. Re2 Rxe2 20. Bxe2 Be4 21. Bf1 Qf5 22. Rc1 Qc5+ 0-1

[Event "Landesklasse Ost 2024/25"]
[Site "?"]
[Date "2024.12.08"]
[Round "4.6"]
[White "Waldhelm, Bernward"]
[Black "Finke, Daniel"]
[Result "1/2-1/2"]
[WhiteElo "1606"]
[BlackElo "1710"]
[PlyCount "60"]
[EventDate "2024.09.15"]
[EventType "team-tourn"]
[EventRounds "9"]
[WhiteTeam "SC Turm Erfurt"]
[BlackTeam "SV Empor Erfurt 2"]

{[%evp 0,60,31,31,28,28,25,10,25,-24,-11,-8,-4,-9,-9,4,3,2,10,10,15,15,18,26,36,22,22,30,37,18,36,36,36,47,73,57,57,68,67,70,129,65,65,68,76,27,28,28,28,28,28,15,22,17,21,22,87,70,78,70,65,15,26]} 1. e4 e5 2. Nf3 Nc6 3. d4 exd4 4. Bc4 Bc5 5. c3 Nf6 6. e5 d5 7. Bb5 Ne4 8. cxd4 Bb4+ 9. Bd2 Nxd2 10. Nbxd2 O-O 11. O-O Bg4 12. Bxc6 bxc6 13. Qa4 Bxd2 14. Nxd2 Qg5 15. f4 Qg6 16. Rac1 Bd7 17. Qc2 Qxc2 18. Rxc2 Rab8 19. Nb3 Rb5 20. Nc5 Bf5 21. Rd2 a5 22. a4 Rb6 23. h3 h5 24. Re1 Re8 25. Re3 Rb4 26. Rg3 h4 27. Re3 Rc4 28. Rb3 Bc2 29. Rb7 Bxa4 30. Nxa4 Rxa4 1/2-1/2

[Event "Landesklasse Ost 2024/25"]
[Site "?"]
[Date "2024.12.08"]
[Round "4.7"]
[White "Günther, Oliver"]
[Black "Boroshnev, Dmytro"]
[Result "1-0"]
[WhiteElo "1737"]
[BlackElo "1720"]
[PlyCount "53"]
[EventDate "2024.09.15"]
[EventType "team-tourn"]
[EventRounds "9"]
[WhiteTeam "SV Empor Erfurt 2"]
[BlackTeam "SC Turm Erfurt"]

{[%evp 0,53,31,31,66,74,66,61,70,65,98,40,34,39,42,30,40,16,8,-4,20,1,28,30,25,21,99,88,94,71,71,71,76,76,76,67,75,-91,-109,-107,-5,-127,8,9,58,58,73,52,115,134,387,277,285,78,64,70]} 1. e4 b6 2. d4 e6 3. a3 Bb7 4. Nc3 Ne7 5. Be3 d5 6. f3 Nd7 7. Nh3 Ng6 8. exd5 exd5 9. Qd2 Nf6 10. O-O-O Qd7 11. Bd3 O-O-O 12. g4 Ne7 13. Ng5 Qe8 14. Bf4 h6 15. Nh3 a6 16. Rhe1 Qc6 17. Qe2 b5 18. Bxb5 axb5 19. Nxb5 Qa6 20. Qe5 Ne8 21. Nxc7 Qd6 22. Qe3 Qc6 23. Nxe8 Rxe8 24. Rd3 Qd7 25. Qe5 Kd8 26. Qb8+ Nc8 27. Bc7+ 1-0

[Event "Landesklasse Ost 2024/25"]
[Site "?"]
[Date "2024.12.08"]
[Round "4.8"]
[White "Grüner, Nico"]
[Black "Bergmann, Harald"]
[Result "1/2-1/2"]
[WhiteElo "1565"]
[BlackElo "1585"]
[PlyCount "72"]
[EventDate "2024.09.15"]
[EventType "team-tourn"]
[EventRounds "9"]
[WhiteTeam "SC Turm Erfurt"]
[BlackTeam "SV Empor Erfurt 2"]

1. d4 d5 2. e3 Nf6 3. c4 c6 4. Nc3 g6 5. Nf3 Bg7 6. Bd2 O-O 7. Be2 dxc4 8. Bxc4 Nbd7 9. O-O Nb6 10. Be2 Bg4 11. b3 Nfd5 12. Rc1 Nxc3 13. Bxc3 Nd5 14. Bb2 Qa5 15. a4 Rac8 16. Ba3 Nc3 17. Qd3 Nxe2+ 18. Qxe2 Rfe8 19. h3 Be6 20. Qd3 Qd5 21. Nd2 Qg5 22. Kh2 Rcd8 23. f4 Qd5 24. Qc3 Bc8 25. Rf2 f5 26. Qc4 Be6 27. Qb4 Rd7 28. Rc5 Qd6 29. Nf3 b6 30. Rc3 Qxb4 31. Bxb4 c5 32. Ba3 cxd4 33. exd4 Bxd4 34. Nxd4 Rxd4 35. Rc7 Rd7 36. Rc3 Kf7 1/2-1/2

[Event "Landesklasse Ost 2024/25"]
[Site "?"]
[Date "2024.12.08"]
[Round "4.1"]
[White "Albrecht, Jürgen"]
[Black "Bilek, Michael"]
[Result "1/2-1/2"]
[WhiteElo "1965"]
[BlackElo "2146"]
[PlyCount "32"]
[EventDate "2024.09.15"]
[EventType "team-tourn"]
[EventRounds "9"]
[WhiteTeam "SSV Vimaria 91 Weimar 2"]
[BlackTeam "SG Arnstadt-Stadtilm"]

{[%evp 0,31,11,25,47,18,42,-8,18,-43,13,28,-79,28,40,13,32,13,0,14,12,-11,9,24,46,53,125,47,52,62,96,86,84,86]} 1. e4 Nf6 2. e5 Nd5 3. d4 d6 4. c4 Nb6 5. f4 dxe5 6. fxe5 Bf5 7. Be3 e6 8. Nc3 Bb4 9. Nf3 c5 10. Be2 Nc6 11. O-O Bxc3 12. bxc3 O-O 13. Qe1 Na5 14. Nd2 Bg6 15. h4 h5 16. Rc1 Rc8 1/2-1/2

[Event "Landesklasse Ost 2024/25"]
[Site "?"]
[Date "2024.12.08"]
[Round "4.2"]
[White "Sauer, Marko"]
[Black "Weiß, Thomas"]
[Result "1/2-1/2"]
[WhiteElo "2005"]
[BlackElo "1947"]
[PlyCount "28"]
[EventDate "2024.09.15"]
[EventType "team-tourn"]
[EventRounds "9"]
[WhiteTeam "SG Arnstadt-Stadtilm"]
[BlackTeam "SSV Vimaria 91 Weimar 2"]

{[%evp 0,28,19,38,30,40,43,36,32,-28,-24,-84,-51,-56,-50,-68,-15,2,4,-32,-54,-18,-22,-24,-20,-2,19,-63,-35,-60,-2]} 1. e4 e6 2. d4 d5 3. Nc3 Bb4 4. Bd2 dxe4 5. Qg4 Nf6 6. Qxg7 Rg8 7. Qh6 Bf8 8. Qe3 Nc6 9. Bb5 Bd7 10. Nge2 Nb4 11. Bxd7+ Qxd7 12. O-O-O O-O-O 13. f3 Nbd5 14. Nxd5 exd5 1/2-1/2

[Event "Landesklasse Ost 2024/25"]
[Site "?"]
[Date "2024.12.08"]
[Round "4.3"]
[White "Günther, Arthur"]
[Black "Heß, Jürgen"]
[Result "1-0"]
[WhiteElo "1845"]
[BlackElo "1878"]
[PlyCount "85"]
[EventDate "2024.09.15"]
[EventType "team-tourn"]
[EventRounds "9"]
[WhiteTeam "SSV Vimaria 91 Weimar 2"]
[BlackTeam "SG Arnstadt-Stadtilm"]

1. d4 Nf6 2. Nf3 d5 3. e3 e6 4. Bd3 c5 5. b3 Nc6 6. O-O cxd4 7. exd4 Bd6 8. Ba3 a6 9. Bxd6 Qxd6 10. Re1 O-O 11. c3 g6 12. Qc1 Kg7 13. Ne5 Ng8 14. Qf4 Nxe5 15. dxe5 Qe7 16. Nd2 f6 17. Nf3 fxe5 18. Qxe5+ Qf6 19. c4 dxc4 20. Bxc4 Qxe5 21. Rxe5 Rf6 22. Rae1 b5 23. Bxe6 Bb7 24. Bd5 Bxd5 25. Rxd5 Ra7 26. Red1 Ne7 27. Rd6 Rxd6 28. Rxd6 Rc7 29. g4 Rc1+ 30. Kg2 Nc6 31. Ng5 Nb4 32. a3 Nc6 33. Rd7+ Kg8 34. Rc7 Rc2 35. Nxh7 Nd4 36. Nf6+ Kf8 37. Rxc2 Nxc2 38. a4 Nd4 39. Nd7+ Ke7 40. Nc5 bxa4 41. bxa4 a5 42. Nb7 Nb3 43. h4 1-0

[Event "Landesklasse Ost 2024/25"]
[Site "?"]
[Date "2024.12.08"]
[Round "4.4"]
[White "Kaiser, Markus"]
[Black "Günther, Andreas"]
[Result "1/2-1/2"]
[WhiteElo "1701"]
[BlackElo "2073"]
[PlyCount "37"]
[EventDate "2024.09.15"]
[EventType "team-tourn"]
[EventRounds "9"]
[WhiteTeam "SG Arnstadt-Stadtilm"]
[BlackTeam "SSV Vimaria 91 Weimar 2"]

1. e4 d5 2. exd5 Qxd5 3. Nc3 Qa5 4. d4 Nf6 5. Bd2 Bg4 6. Be2 Bxe2 7. Qxe2 Nc6 8. Nf3 O-O-O 9. Nd1 Qh5 10. c3 h6 11. Ne3 g5 12. Nc4 Bg7 13. b4 e6 14. b5 Ne7 15. a4 Nd7 16. a5 g4 17. Nfe5 Bxe5 18. dxe5 Nc5 19. O-O 1/2-1/2

[Event "Landesklasse Ost 2024/25"]
[Site "?"]
[Date "2024.12.08"]
[Round "4.5"]
[White "Gräf, Michael"]
[Black "Grkinic, Goran"]
[Result "1/2-1/2"]
[WhiteElo "1843"]
[BlackElo "1863"]
[PlyCount "84"]
[EventDate "2024.09.15"]
[EventType "team-tourn"]
[EventRounds "9"]
[WhiteTeam "SSV Vimaria 91 Weimar 2"]
[BlackTeam "SG Arnstadt-Stadtilm"]

{[%evp 0,84,20,20,19,19,30,12,17,15,4,-20,-16,-15,-19,-10,8,-12,2,-8,6,-20,67,54,52,54,43,33,42,33,27,38,39,11,40,19,34,8,18,-14,42,33,26,11,1,15,11,5,28,36,40,42,123,46,81,-2,74,25,79,27,35,7,69,61,59,73,65,67,160,162,100,113,150,128,128,120,120,100,100,102,100,78,81,81,81,89,81]} 1. d4 Nf6 2. Nf3 e6 3. e3 d5 4. Bd3 c5 5. c3 Nc6 6. Nbd2 Bd6 7. O-O Qc7 8. Qe2 O-O 9. dxc5 Bxc5 10. e4 Ne5 11. Nxe5 Qxe5 12. Nf3 Qh5 13. e5 Nd7 14. b4 Be7 15. Re1 Nb6 16. Be3 Na4 17. Bd4 a6 18. Rab1 Bd7 19. b5 a5 20. Bc2 Nc5 21. Qe3 b6 22. a4 Rac8 23. Nd2 f5 24. exf6 Bxf6 25. Nf3 Bxd4 26. Qxd4 Rf6 27. Re5 Qe8 28. Rg5 Qd8 29. Qh4 h6 30. Re5 Ne4 31. Bxe4 dxe4 32. Qxe4 Rxc3 33. Rd1 Qc8 34. Qd4 Rc1 35. Ree1 Rxd1 36. Rxd1 Be8 37. Qxb6 Qc2 38. Qd8 Rf8 39. Qd4 Rf4 40. Qd8 Rf8 41. Qd4 Rf4 42. Qd8 Rf8 1/2-1/2

[Event "Landesklasse Ost 2024/25"]
[Site "?"]
[Date "2024.12.08"]
[Round "4.6"]
[White "Degel, Steven"]
[Black "Aweh, Mads"]
[Result "0-1"]
[WhiteElo "1590"]
[BlackElo "1722"]
[PlyCount "82"]
[EventDate "2024.09.15"]
[EventType "team-tourn"]
[EventRounds "9"]
[WhiteTeam "SG Arnstadt-Stadtilm"]
[BlackTeam "SSV Vimaria 91 Weimar 2"]

1. Nf3 d5 2. e3 Nf6 3. c4 c6 4. Nc3 e6 5. b3 Bd6 6. Bb2 Nbd7 7. d4 O-O 8. Be2 Qc7 9. Rc1 Qb8 10. cxd5 exd5 11. Qc2 h6 12. O-O g5 13. g3 b5 14. e4 b4 15. Nxd5 Nxd5 16. exd5 cxd5 17. Qf5 Ne5 18. Qc2 Ng6 19. Bd3 Bg4 20. Ne5 Nxe5 21. dxe5 Bxe5 22. Bxe5 Qxe5 23. Rfe1 Qf6 24. Qc5 a5 25. Qxd5 Bf3 26. Qf5 Qxf5 27. Bxf5 Rfe8 28. Re3 Rxe3 29. fxe3 Rd8 30. Rc2 g4 31. Rf2 Kg7 32. h3 h5 33. hxg4 hxg4 34. Rc2 Kf6 35. e4 Rh8 36. Rc6+ Ke7 37. Rc7+ Kf6 38. Rc6+ Kg7 39. Kf2 Rh2+ 40. Ke3 Rxa2 41. e5 Bxc6 0-1

[Event "Landesklasse Ost 2024/25"]
[Site "?"]
[Date "2024.12.08"]
[Round "4.7"]
[White "Krömer, Emanuel"]
[Black "Marufke, Kai"]
[Result "1/2-1/2"]
[WhiteElo "1721"]
[BlackElo "1683"]
[PlyCount "119"]
[EventDate "2024.09.15"]
[EventType "team-tourn"]
[EventRounds "9"]
[WhiteTeam "SSV Vimaria 91 Weimar 2"]
[BlackTeam "SG Arnstadt-Stadtilm"]

{[%evp 0,119,20,29,81,49,89,80,94,72,70,32,41,29,44,30,50,73,88,65,72,69,72,44,51,40,35,40,50,34,45,46,53,45,68,55,65,45,46,32,25,17,36,-25,-19,-45,5,1,10,6,22,26,78,60,66,78,75,83,89,59,61,66,78,85,71,50,39,7,0,-17,-22,-25,-4,-10,-2,-11,-23,-79,-32,-19,-85,-39,-39,-59,0,0,0,0,0,0,74,69,149,34,66,32,12,16,0,0,0,0,0,0,0,0,0,-2,-1,-2,-2,-2,-1,-2,-2,-2,-3,-3,-2,-4,-4,-4]} 1. d4 f5 2. Bg5 g6 3. Nf3 Bg7 4. e3 Nf6 5. Bc4 d5 6. Be2 O-O 7. O-O Nbd7 8. c4 e6 9. Nc3 c6 10. Qc2 Qe8 11. a4 Ne4 12. Bf4 Qe7 13. h3 g5 14. Bc7 Ndf6 15. Be5 Nd7 16. Bxg7 Qxg7 17. b4 h5 18. Nxe4 fxe4 19. Nh2 Nf6 20. f3 exf3 21. gxf3 Bd7 22. Kh1 Kh8 23. Rg1 Qh6 24. e4 Be8 25. e5 Bg6 26. Qd2 Nh7 27. h4 Rf7 28. hxg5 Qg7 29. cxd5 cxd5 30. a5 Rc8 31. Rac1 Rfc7 32. Rxc7 Qxc7 33. Bd3 Nf8 34. Bb5 Qc3 35. Rd1 Qxd2 36. Rxd2 Rc1+ 37. Kg2 Rb1 38. Bd3 Rxb4 39. Bxg6 Nxg6 40. Kg3 Kg8 41. f4 b6 42. axb6 axb6 43. Nf3 b5 44. Rh2 h4+ 45. Kg4 Rc4 46. Rd2 b4 47. f5 exf5+ 48. Kxf5 Kg7 49. Kg4 b3 50. Rb2 Rc3 51. Nxh4 Nxh4 52. Kxh4 Kg6 53. Kg4 Rd3 54. e6 Rxd4+ 55. Kf3 Rb4 56. Kg3 Kxg5 57. e7 Re4 58. Rxb3 Rxe7 59. Kf3 Kf5 60. Re3 1/2-1/2

[Event "Landesklasse Ost 2024/25"]
[Site "?"]
[Date "2024.12.08"]
[Round "4.8"]
[White "Jank, Kevin"]
[Black "Käckell, Oskar"]
[Result "1-0"]
[WhiteElo "1780"]
[BlackElo "1688"]
[PlyCount "57"]
[EventDate "2024.09.15"]
[EventType "team-tourn"]
[EventRounds "9"]
[WhiteTeam "SG Arnstadt-Stadtilm"]
[BlackTeam "SSV Vimaria 91 Weimar 2"]

{[%evp 0,57,29,47,28,29,0,29,33,12,38,28,31,10,6,5,4,29,39,4,39,32,34,37,58,62,88,46,102,122,131,86,66,85,82,103,92,96,83,74,74,107,161,131,131,67,58,67,208,254,511,604,623,770,774,818,949,984,978,29992]} 1. e4 d5 2. e5 d4 3. Bc4 e6 4. d3 c5 5. Nd2 Nc6 6. f4 Nge7 7. Ne4 Nf5 8. Nf3 Be7 9. Qe2 Bd7 10. a3 Na5 11. Ba2 Bc6 12. Bd2 Qb6 13. Rb1 Bd5 14. Bxd5 exd5 15. Ng3 Nxg3 16. hxg3 O-O-O 17. O-O Nc6 18. b4 c4 19. Kh1 c3 20. Be1 a5 21. Bf2 axb4 22. axb4 Bxb4 23. Rb3 Qc5 24. Rfb1 Kd7 25. Nxd4 Nxd4 26. Bxd4 Qxd4 27. Rxb4 Qc5 28. Rxb7+ Kc6 29. d4 1-0

[Event "Landesklasse West 2024/25"]
[Site "?"]
[Date "2024.12.08"]
[Round "4.1"]
[White "Hübschmann, Holger"]
[Black "Kurze, Christoph"]
[Result "0-1"]
[WhiteElo "1951"]
[BlackElo "1914"]
[PlyCount "52"]
[EventDate "2024.09.15"]
[EventType "team-tourn"]
[EventRounds "9"]
[WhiteTeam "Randspringer Bad Salzungen"]
[BlackTeam "SV Ammern"]

{[%evp 0,52,25,20,22,5,21,11,53,-27,-32,-34,-61,-82,-40,-33,-13,-15,-23,-27,0,0,-5,-8,-34,-34,42,59,95,32,26,63,44,-19,-25,-14,-12,-22,4,-104,-26,-146,-105,-186,-65,-64,-62,-106,-65,-65,-182,-291,-298,-324,-324]} 1. Nf3 d5 2. c4 d4 3. b4 f6 4. d3 e5 5. Bd2 a5 6. bxa5 Na6 7. g3 Bd7 8. Bg2 Ne7 9. O-O Nc6 10. e3 Be7 11. exd4 exd4 12. Nh4 g6 13. Re1 O-O 14. Bh6 Re8 15. Nd2 Nc5 16. Ne4 Rxa5 17. Nxc5 Bxc5 18. Bd5+ Kh8 19. Bd2 Rxe1+ 20. Bxe1 Ra3 21. Qd2 Kg7 22. Rb1 b6 23. f4 Qe7 24. Ng2 Na5 25. Be4 Nxc4 26. Qf2 Nd6 0-1

[Event "Landesklasse West 2024/25"]
[Site "?"]
[Date "2024.12.08"]
[Round "4.2"]
[White "Möller, Axel"]
[Black "Roth, Ralf"]
[Result "1-0"]
[WhiteElo "1988"]
[BlackElo "1839"]
[PlyCount "49"]
[EventDate "2024.09.15"]
[EventType "team-tourn"]
[EventRounds "9"]
[WhiteTeam "SV Ammern"]
[BlackTeam "Randspringer Bad Salzungen"]

{[%evp 0,49,25,-2,2,-30,53,56,32,32,45,46,31,13,33,-20,26,17,10,-30,56,38,72,4,4,3,149,101,128,106,162,125,158,161,396,450,508,518,662,729,655,802,905,944,1006,1034,1056,357,357,374,361,374]} 1. c4 Nf6 2. Nc3 g6 3. d4 Bg7 4. e4 d6 5. Be2 O-O 6. Be3 Nc6 7. h4 h5 8. f3 e5 9. d5 Ne7 10. Qd2 Ne8 11. g4 hxg4 12. fxg4 f6 13. O-O-O Bd7 14. Nh3 Qc8 15. Rdg1 Kf7 16. h5 gxh5 17. gxh5 Bxh3 18. h6 Rg8 19. Bh5+ Kf8 20. hxg7+ Nxg7 21. Bh6 Nef5 22. exf5 Qxf5 23. Bxg7+ Rxg7 24. Rxg7 Kxg7 25. Rg1+ 1-0

[Event "Landesklasse West 2024/25"]
[Site "?"]
[Date "2024.12.08"]
[Round "4.3"]
[White "Burkhardt, Christian"]
[Black "Breuer, Harald"]
[Result "1/2-1/2"]
[WhiteElo "1683"]
[BlackElo "1763"]
[PlyCount "21"]
[EventDate "2024.09.15"]
[EventType "team-tourn"]
[EventRounds "9"]
[WhiteTeam "Randspringer Bad Salzungen"]
[BlackTeam "SV Ammern"]

{[%evp 0,21,25,21,21,-6,33,9,23,14,6,7,39,30,24,14,59,36,36,28,64,34,11,17]} 1. d4 Nf6 2. c4 g6 3. g3 Bg7 4. Bg2 O-O 5. Nc3 c6 6. e4 d6 7. h3 Qc7 8. Nf3 Nbd7 9. Be3 Nb6 10. Nd2 e5 11. d5 1/2-1/2